00688nam a2200193Ia 450000500170000000800410001704100080005808200160006610000130008224500280009526000340012330000090015750000510016665000590021770000360027694200070031299900170031995201580033620230421174238.0230125s9999 xx 000 0 und d aeng a920.71bTOI aTOI, Ed. aOne Hundred Great Lives bThe Home Library ClubaCeylon a760p aBiography;Collective biographies;Biography-Men aBiography;Collective biographies;Biography-Men9180794 aTOI, Ed. & Sudhir Tilloo, Donor cDB c93708d93708 00104070aHIMRbHIMRd2015-06-23eDonated Book- Outside Donarg1.00o920.71 TOI DB2107pHIMR-DB-2107r2023-01-25 00:00:00v1.00w2023-01-25yDBzDB2107